Detalles MARC
| 000 -CABECERA |
| campo de control de longitud fija |
01371nam a22002297a 4500 |
| 003 - IDENTIFICADOR DEL NÚMERO DE CONTROL |
| campo de control |
OSt |
| 005 - FECHA Y HORA DE LA ÚLTIMA TRANSACCIÓN |
| campo de control |
20201104081919.0 |
| 008 - DATOS DE LONGITUD FIJA--INFORMACIÓN GENERAL |
| campo de control de longitud fija |
100812s2020 dr c 000 0 spa d |
| 020 ## - NÚMERO INTERNACIONAL ESTÁNDAR DEL LIBRO |
| Número Internacional Estándar del Libro |
9789945220414 |
| 040 ## - FUENTE DE LA CATALOGACIÓN |
| Centro catalogador/agencia de origen |
DO-SdBNP |
| Lengua de catalogación |
spa |
| Centro/agencia transcriptor |
BNPHHU |
| 082 ## - NÚMERO DE LA CLASIFICACIÓN DECIMAL DEWEY |
| Número de clasificación |
xxxx |
| Número de documento/Ítem |
xxx |
| 245 00 - MENCIÓN DE TÍTULO |
| Título |
Seguir los pasos de Dios : |
| Resto del título |
notas para una historia de las Hijas de la Altagracia / |
| Mención de responsabilidad, etc. |
compiladora María Magdalena Heredia ; prólogo María Martínez de la Cruz |
| 260 ## - PUBLICACIÓN, DISTRIBUCIÓN, ETC. |
| Lugar de publicación, distribución, etc. |
Santo Domingo; |
| -- |
Búho, |
| Fecha de publicación, distribución, etc. |
2020. |
| 300 ## - DESCRIPCIÓN FÍSICA |
| Extensión |
138 p. |
| Otras características físicas |
retrs. |
| Dimensiones |
23 cm. |
| 500 ## - NOTA GENERAL |
| Nota general |
Incluye índice onomástico. |
| 504 ## - NOTA DE BIBLIOGRAFÍA, ETC. |
| Nota de bibliografía, etc. |
Incluye referencias a pie de páginas |
| 505 2# - NOTA DE CONTENIDO CON FORMATO |
| Título |
Prólogo -- |
| -- |
Introducción -- |
| -- |
Historia hermanas hijas de la Altagracia -- |
| -- |
Siglas y abreviaturas -- |
| -- |
Las hermanas hijas de la Altagracia HHA -- |
| Información miscelánea |
Capítulo 1 -- |
| Título |
Las hermanas, hijas de la Altagracia -- |
| Información miscelánea |
Capítulo 2 -- |
| Título |
Patrimonio espiritual del instituto HHA -- |
| Información miscelánea |
Capítulo 3 -- |
| Título |
Forma de vida de las hijas de la Altagracia -- |
| Información miscelánea |
Capítulo 4 -- |
| Título |
Nuestra vida Apostólica -- |
| -- |
Apéndices -- |
| -- |
Pilares de la congregación, notas biográficas -- |
| -- |
Apéndice documental -- |
| -- |
Testimonio histórico -- |
| -- |
Decretos de aprobación diocesana del instituto -- |
| -- |
Índice onomástico -- |
| 590 ## - NOTA LOCAL (RLIN) |
| Nota local |
Inventariado, 2020 /YL |
| 700 12 - PUNTO DE ACCESO ADICIONAL--NOMBRE DE PERSONA |
| Nombre de persona |
Heredia J., María Magdalena |
| Término indicativo de función/relación |
comp. |
| 9 (RLIN) |
77125 |
| 700 12 - PUNTO DE ACCESO ADICIONAL--NOMBRE DE PERSONA |
| Nombre de persona |
Martínez de la Cruz, María |
| Término indicativo de función/relación |
prol. |
| 9 (RLIN) |
77126 |
| 942 ## - ELEMENTOS DE PUNTO DE ACCESO ADICIONAL (KOHA) |
| Fuente del sistema de clasificación o colocación |
Dewey Decimal Classification |
| Tipo de ítem Koha |
Libro |